| 000 | 00368nam a2200145Ia 4500 | ||
|---|---|---|---|
| 008 | 150201s2006 xx 000 0 und d | ||
| 082 |
_a611 _bO2006F |
||
| 100 | _aFARUQI,NAFISH | ||
| 245 | _aOSTEOLOGYFOR DENTAL STUDENTS | ||
| 250 | _a1ST | ||
| 260 |
_bC.B.S PUBLISHERS & DISTRIBUTERS _aDELHI _c2006 |
||
| 300 | _a1-256 | ||
| 650 | _aHUMAN OSTEOLOGY | ||
| 942 |
_2ddc _cBK |
||
| 999 |
_c3529 _d3529 |
||